000 01831nam a2200349 ia4500
005 20260209155606.0
008 260208t20242024enkoa br 001 0 eng d
020 _a9781788564427
_cRM60.70
_qpaperback
040 _aPPAK
_beng
_cPPAK
_erda
082 0 4 _223
_a363.7
090 0 0 _a363.7
_bGAL
_dK
100 1 _aGallagher, Belinda,
_eauthor.
245 1 0 _aBe a Clean-Up Champion /
_cBy Belinda Gallagher ; Editors: Ruth Owen & Mark J. Sachner
264 1 _aTunbridge Wells, Kent, England :
_bRuby Tuesday Books Ltd.,
_c2024
264 4 _c©2024
300 _a32 pages :
_bcolour photographs, colour illustrations ;
_c28 cm
336 _atext
_2rdacontent
337 _aunmediated
_2rdamedia
338 _avolume
_2rdacarrier
490 1 _aEVERY ACTION COUNTS!
500 _aIncludes index.
520 _aToo often books about caring for our world can be depressing because the problems that our planet faces seem impossible to solve. But it doesn’t have to be that way! If lots of people do lots of small things, it can make a HUGE difference. This book includes: tips for carrying out successful and safe rubbish clean-ups on the street, in a park, or at the beach; cool ways to reuse and recycle unwanted rubbish; and how to organise a clean-up drive in your neighbourhood. Ready to become a great citizen and hands-on conservationist? Then this is the book for you!
521 _a7 – 10 years.
650 1 0 _aEnvironmental protection
_vJuvenile literature
650 2 0 _aEnvironmentalism
_vJuvenile literature
650 2 0 _aConservation of natural resources
_vJuvenile literature
650 2 0 _aNature conservation
_vJuvenile literature
700 1 _aOwen, Ruth,
_eeditor.
700 1 _aSachner, Mark J.,
_eeditor.
830 0 _aEvery action counts!
942 _2ddc
_cB
999 _c202974
_d202974